000 03412nam0a2200613 4500
001 RU\NLR\bibl\1469869
005 20250616001747.0
010 _a978-5-222-16490-7
_93000
021 _aRU
_b2009-100559
_96395
035 _a(nilc)LIBNET\0000009404
035 _a1VIL\RUSMED\0000160503
035 _aKML\BIBL\0000016261
035 _a(NLR Aleph) 001461574
090 _a1586717
_c1586717
100 _a20100126d2010 |||y0rusy50 ca
101 0 _arus
102 _aRU
105 _aa |||||||||
200 1 _aОсновы экономики для студентов медицинских учебных заведений
_eучебное пособие
_e[для студентов высших медицинских учреждений
_fавт.-сост.: Б. А. Войцехович, д. м. н., проф. и др.
_gпод. ред. Б. А. Войцеховича]
210 _aРостов-на-Дону
_cФеникс
_d2010 [т. е. 2009]
215 _a347, [2] с.
_cил.
_d21
225 1 _aСерия "Медицина"
225 1 _aВысшее медицинское образование
300 _aКн. фактически изд. в 2009 г.
320 _aБиблиогр. в тексте
330 _aПодготовлено в соответствии с учебной программой по дисциплине <Экономика> для студентов высших медицинских учебных заведений. Учебное пособие предназначено для студентов высших медицинских учреждений и может быть полезно для интернов, клинических ординаторов, аспирантов, слушателей курсов последипломной подготовки при изучении актуальных проблем общей экономики и отраслевой экономики здравоохранения
606 1 _aЭКОНОМИКА МЕДИЦИНСКАЯ
_2rus_mesh
_3R4577
606 1 _aECONOMICS, MEDICAL
_2rus_mesh
_3E4577
606 1 _aУЧЕБНОЕ ПОСОБИЕ
_2rus_mesh
_3R53797
606 1 _aЭкономика
_jУчебные издания для высших учебных заведений
_91414491
_3RU\NLR\auth\66284709
606 1 _aINSTRUCTION
_2rus_mesh
_3E53797
606 1 _aЗдравоохранение
_jУчебные издания для высших учебных заведений
_xЭкономика
_91347748
_3RU\NLR\auth\66247667
610 0 _aЭкономика
610 0 _aТеория
610 0 _aУчебные издания для вузов
675 _a[61:338](07)
_vudc
686 _a76.75.75
_2rugasnti
686 _a76.01.33
_2rugasnti
686 _aN03.219.300
_v2010
_2MESH
686 _aV02.575
_v2010
_2MESH
686 _a00902
_aЭкономическая теория
_2TCC-BG
686 _a65.01я73
_vLBC/RL
_2rubbk
686 _aУ.я73
686 _aР11(2)к4я73
702 1 _aВойцехович
_bБ. А.
_gБорис Андреевич
_4220
801 0 _aRU
_bЦНМБ
_c20100126
_gPSBO
801 1 _aRU
_bЦНМБ
_c20100126
801 2 _aRU
_bЦНМБ
_c20100217
801 2 _aRU
_bДонская ГПБ
_c20100701
801 2 _aRU
_bNLR
_c20100208
_grcr
942 _cBOOK
980 _aNB